Responses for show #6940 - Friday, November 14, 2014

2014 Tournament of Champions quarterfinal game 5.

Contestants

Mark Japinga, a graduate student in public affairs from Madison, Wisconsin

Sandie Baker, a data and translation coordinator from Eastpointe, Michigan

Jared Hall, a consultant from Washington, D.C.

Jeopardy! Round responses

COLLEGE KNOWLEDGE
FUNNY PEOPLE
CITY OF BIRTH
LETTER PERFECT
AUTHORS
NOT A POP GROUP, YET A POP GROUP
    $200 30
Wisconsin

Mark
    $200 29
the Wayans

Jared
    $200 28
Seattle

Mark
    $200 17
M

Sandie
    $200 21
(Kurt) Vonnegut

Mark
    $200 22
Crosby, Stills & Nash

Mark
    $400 2
(Sandie: What is Princeton?)

Rutgers

JaredSandie
    $400 11
Don Rickles

Mark
    $400 27
(Mark: What is London?)

Edinburgh

Mark
Triple Stumper
    $400 16
K

Sandie
    $400 7
[Sandie answers without ringing in]
(Sandie: Who is Ste-)
...
(Alex: You have to ring in, Sandie. You know the drill.)

Stephen King

Mark
    $400 23
Emerson, Lake & Palmer

Jared
    $600 3
Auburn

Mark
    $600 8
(Sandie: Who... uh... oh, I just--)

Gilda Radner

Sandie
Triple Stumper
    $600 12
San Francisco

Mark
    $600 18
Z

Sandie
    $600 1
Chevalier

Triple Stumper
    $600 25
Stone Temple Pilots

Mark
    $800 4
Stanford

Mark
    $800 9
Wanda Sykes

Mark
    $800 13
Rangoon (or Yangon)

Jared
    $800 19
(Alex: Months with an [*].)

R

Triple Stumper
    $800 6
(Bret Easton) Ellis

Sandie
    $800 26
Swedish House Mafia

Mark
    $1000 5
(Jared: What is Northwestern? University? ... What is [*]?)
(Alex: Oh. Okay. We'll give it to you.)

Northwestern Univerisity and Northeastern University

Jared
    $1000 10
Lisa Kudrow

Sandie
    $2,200 15
Athens, Greece

Jared
    $1000 20
p

Triple Stumper
    $1000 14
Ayn Rand

Triple Stumper
    $1000 24
Arcade Fire

Sandie

Scores at the first commercial break (after clue 15):

Jared Sandie Mark
$4,400 $800 $3,600

Scores at the end of the Jeopardy! Round:

Jared Sandie Mark
$5,000 $3,000 $5,400

Double Jeopardy! Round responses

SHAKESPEARE'S FOOLS
FURNITURE
LATIN AMERICAN HISTORY
(Alex: We want you to name the show that featured each killer on...)
KILLER TV
READING THE METER
FROM THE...
(Alex: ...And we'll tell you where it's from.)
    $400 29
The Tempest

Jared
    $400 19
a desk

Mark
    $400 6
(Sandie: Who is da Gama?)

Magellan

Sandie
Triple Stumper
    $400 1
The Sopranos

Sandie
    $400 30
decibels

Mark
    $400 15
staccato

Mark
    $800 28
Ophelia

Mark
    $800 20
an ottoman

Mark
    $800 7
Patagonia

Jared
    $800 2
Twin Peaks

Sandie
    $800 16
(Mark: What is geometry?)

trigonometry

Mark
Triple Stumper
    $800 10
chutzpah

Jared
    $1200 8
(Alex: And that refers to [*].)

The Two Gentlemen of Verona

Triple Stumper
    $1200 21
nesting tables

Sandie
    $1200 12
(Mark: What is Chihuahua?)
(Sandie: What is Matagorda?)

Chiapas

SandieMark
Triple Stumper
    $1200 3
(Alex: That show was [*].)

Dexter

Triple Stumper
    $1200 13
(Alex: The Italian is [*].)

Galileo

Triple Stumper
    $1200 14
(Alex: Don't be [*].)

blasé

Sandie
    $1600 23
Agamemnon

Jared
    $1600 22
an Eames chair

Jared
    $1600 9
(Alex: His name is [*].)

Nicolás Maduro

Triple Stumper
    $1600 4
Fargo

Mark
    $1600 27
torque

Jared
    $1600 17
empanadas

Mark
    $4,000 24
(Jared: What is All's Well That Ends Well?)
...
(Alex: No, what is [*], and obviously, you don't like this one.)

As You Like It

Jared
    $2000 25
Duncan Phyfe

Jared
    $2000 11
Costa Rica

Mark
    $2000 5
The Mentalist

Sandie
    $2000 26
spectrometer

Sandie
    $2,500 18
gestalt

Mark

Scores at the end of the Double Jeopardy! Round:

Jared Sandie Mark
$9,800 $9,000 $13,900

Final Jeopardy! Round responses

OPERA CHARACTERS
SandieWho are Hansel & Gretel?
$6,500
JaredWho are Hansel & Gretel
$7,000
MarkWho are Hansel & Gretel
$1,103
Hansel & Gretel

Final scores:

Jared Sandie Mark
$16,800 $15,500 $15,003
Automatic semifinalist 2nd place: $5,000 if eliminated 3rd place: $5,000 if eliminated

Game dynamics:

Coryat scores:

Jared Sandie Mark
$12,600 $9,000 $13,400
13 R
(including 1 DD),
1 W
(including 1 DD)
12 R,
4 W
21 R
(including 1 DD),
3 W

Combined Coryat: $35,000

The J! Archive is created by fans, for fans. The Jeopardy! game show and all elements thereof, including but not limited to copyright and trademark thereto, are the property of Jeopardy Productions, Inc. and are protected under law. This website is not affiliated with, sponsored by, or operated by Jeopardy Productions, Inc. Join the discussion at JBoard.tv.